| 000 | 00811nam a2200253 a 4500 | ||
|---|---|---|---|
| 001 | BRCA_5987 | ||
| 005 | 20190320205305.0 | ||
| 008 | 290311s1946----nyu#######---#000-0#eng-# | ||
| 041 | _aeng | ||
| 044 | _anyu | ||
| 050 | 4 |
_aN31 _b.E53 1946 |
|
| 245 | 1 | 0 |
_aEncyclopedia of the arts _cedited by Dagobert D. Runes and Harry G. Schrickel. |
| 260 |
_aNueva York _bPhilosophical Library _c1946 |
||
| 300 |
_a1064 p. _c24 cm. |
||
| 500 | _aEstado físico: Camisa deteriorada | ||
| 500 | _aEnciclopedia inventariada por Banco de México como libro | ||
| 500 | _aG100 | ||
| 650 | 1 | 4 |
_aArte _vDiccionarios _915123 |
| 650 | 1 | 4 |
_aEnciclopedias y diccionarios _99441 |
| 700 | 1 |
_aRunes, Dagobert D. _q(Dagobert David) _eEditor _915124 |
|
| 700 | 1 |
_aSchrickel, Harry G. _eEditor _915125 |
|
| 902 | _aGFM | ||
| 942 |
_2lcc _cB |
||
| 999 |
_c5676 _d5676 |
||